000 00313nam a2200121Ia 4500
008 191201s2006 xx 000 0 und d
100 _aBHATTACHARJEEE, C
245 0 _aServices Marketing Concepts Planning and Implimentation
260 _a-
_bExcel Books
_c2006
300 _a696
650 _aMBA
942 _2ddc
_cBK
999 _c3485
_d3485